Normal view
MARC view
- Frappat, Luc Sciarrino , Antonino Sorba , Paul
Entry Personal Name
001 - CONTROL NUMBER
- control field: 59904
003 - CONTROL NUMBER IDENTIFIER
- control field: NUST
005 - DATE AND TIME OF LATEST TRANSACTION
- control field: 20210628202435.0
008 - FIXED-LENGTH DATA ELEMENTS
- fixed length control field: 210628|| aca||aabn | a|a d
040 ## - CATALOGING SOURCE
- Original cataloging agency: NUST
- Transcribing agency: NUST
100 ## - HEADING--PERSONAL NAME
- Personal name: Frappat, Luc Sciarrino , Antonino Sorba , Paul
670 ## - SOURCE DATA FOUND
- Source citation: Work cat.: (NUST): Frappat, Luc Sciarrino , Antonino Sorba , Paul, Dictionary on lie algebras and superalgebras, 2000
